01670nam a2200313Ia 450000500170000000800390001702000190005624500830007525000390015830000610019749000270025850503860028565000320067165000340070365000280073765000370076565000310080265000350083365000360086870000210090470000320092574002310095726400330118833600270122133700330124833800280128104000350130908400120134420220317001107.0160825s2007 ck a g 000 0 spa a9789583007401210aCuentos de viajecselección de Guido L Tamayo ; ilustrado por Juliana Bedoya a1a. edición b3a. reimpresión  a193 páginas bilustraciones en blanco y negro c21 cm  aEl pozo y el péndulo aUn descenso al Maelström / Edgar Allan Poe -- Al revés / J.K. Huysmans -- El hombre a quien le gustaba Dickens / Evelyn Waugh -- La mujer adúltera / Albert Camus -- Un episodio distante / Paul Bowles -- El espejo en el espejo / Michael Ende -- Lo mejor que se tiene / Griselda Gambaro -- La noche que lo dejaron solo / Juan Rulfo -- Vivan los compañeros / Carlos A. Truque142LEMBaCuentosvColecciones 142LEMBaCuentos estadounidenses142LEMBaCuentos mexicanos142LEMBaLiteratura estadounidense 142LEMBaLiteratura mexicana 142LEMB aViajes en la literatura142LEMB aMujeres en la literatura1 aBedoya, Juliana 1 aTamayo Sánchez, Guido L. 32aAl revés aEl espejo en el espejo aEl hombre a quien le gustaba Dickens aLa mujer adúltera aLa noche que lo dejaron solo aLo mejor que se tiene aUn descenso al Maelstrom aUn episodio distante aVivan los compañeros aBogotábPanamericanac2007 atextobtxt2rdacontent asin mediaciónbn2rdamedia avolumenbnc2rdacarrier aCO-BoRNBPbspaerdacCO-BoRNBP aC CUE14